Participación en los procesos para la formulación y ejecución de los proyectos del Instituto Seguridad Social y Desarrollo Humano-ISSDHU

El presente documento se orienta básicamente al ejercicio profesional, de las competencias, los conocimientos y la experiencia adquirida, en el cual se describe los principales trabajos realizados: formulación de proyectos, levantamientos arquitectónicos y el diseño arquitectónico.

Bibliographic Details
Main Author: Alemán Gómez, Álvaro Gabriel
Other Authors: Tutor: Morales Sánchez, Erick Alejandro
Format: Tesis Section = Libro
Language:Undetermined
Spanish
Published: Managua IES-UNI 2015
Subjects:
LEADER 01146nam a2200241Ia 4500
008 240830s9999 xx 000 0 und d
040 |a BIBLIOTECA-RUSB/ Mon 712.3 A367 
041 |a spa 
082 |a Mon 712.3 A367 
100 1 |a Alemán Gómez, Álvaro Gabriel 
245 1 0 |a Participación en los procesos para la formulación y ejecución de los proyectos del Instituto Seguridad Social y Desarrollo Humano-ISSDHU 
260 |a Managua  |b IES-UNI  |c 2015 
300 |a 125 p. :il. 
500 |a Contiene: anexos. 
502 |a Tesis (Arquitecto) - IES-UNI, 2015. 
520 3 |a El presente documento se orienta básicamente al ejercicio profesional, de las competencias, los conocimientos y la experiencia adquirida, en el cual se describe los principales trabajos realizados: formulación de proyectos, levantamientos arquitectónicos y el diseño arquitectónico. 
650 7 |a PROCEDIMIENTOS TÉCNICOS - FORMULACIÓN Y EJECUCIÓN DE PROYECTOS 
650 7 |b  FORMACIÓN PROFESIONAL 
650 7 |c  PRÁCTICAS PROFESIONALES 
700 1 |a Tutor:  |b Morales Sánchez, Erick Alejandro 
942 |c BK  |2 ddc 
991 |a TESIS 
999 |c 21038